Trasa linii M15 (Tychy Towarowa) - Statystyki

Ogólne statystyki
  • Ten quiz został rozwiązany 4 razy
  • Średni wynik to 11 z 21
Statystyki odpowiedzi
Przystanek % Poprawnych
21. Tychy Towarowa
100%
14. Tychy Urząd Miasta
100%
20. Tychy Hipermarkety
75%
15. Tychy Niepodległości
75%
12. Tychy Szpital Wojewódzki
75%
13. Tychy Tęcza
75%
3. Pogoń Klub Kiepury
50%
4. Pogoń Orla
50%
5. Sosnowiec Dworzec PKP
50%
6. Sosnowiec Rondo Ludwik
50%
1. Sosnowiec Szpital Wojewódzki
50%
19. Tychy Paprocańska
50%
18. Tychy Piłsudskiego
50%
11. Hołdunów Pętla
25%
8. Jęzor Południowy
25%
9. Kosztowy Dzióbka
25%
10. Kosztowy Rynek
25%
7. Niwka Fabryka
25%
2. Pogoń Akademiki
25%
17. Tychy Dmowskiego
25%
16. Tychy Gen. Grota-Roweckiego
25%
Nie znaleziono quizów pasujących do podanych kryteriów
Rozkład punktacji
Procent ludzi z każdym wynikiem
Percentyl według liczby udzielonych odpowiedzi
Twoja historia wyników
Nie rozwiązałeś tego quizu